| 000 | 00399nam a22001697a 4500 | ||
|---|---|---|---|
| 003 | MACL | ||
| 005 | 20160115162525.0 | ||
| 008 | 160115b xxu||||| |||| 00| 0 eng d | ||
| 040 | _cMACL | ||
| 041 | _aEnglish | ||
| 082 | _a900/DAS | ||
| 100 |
_aDash Kishore C _932686 |
||
| 245 | _aRegionalism In South Asia | ||
| 260 |
_aLondon _bRoutledge _c2008 |
||
| 650 |
_aReligions _97362 |
||
| 942 |
_2ddc _cBK |
||
| 999 |
_c52505 _d52505 |
||